000 01112nas a2200301 4500
001 BR8803376
003 BR-BrBNA
005 20231205091152.0
007 ta
008 230509b bl.|||p| |||| 00| 00por d
040 _aBR-BrBNA
_bpor
_cBiblioteca Nacional de Agricultura
041 _a(Pt)
072 _aL51
100 1 _aBento, A.H.L.
100 1 _aStyles, D.A.
100 1 _aFigueiredo, P.R.P.
245 1 _aDigestibilidade aparente em ovinos utilizando feno e resteva da lavoura de soja (Glycine max (L.)Merrill)e feno de pastagem nativa do Rio Grande do Sul
246 1 _aApparent digestibility in sheep using hay and sub-products of the agriculture of soybean (Glycine max (L.)Merrill)and hay of natural pastures in Rio Grande do Sul, Brazil
650 _aOVINO
650 _aFENO
650 _aSOJA
650 _aPASTAGEM
650 _aDIGESTIBILIDADE
650 _aRIO GRANDE DO SUL
773 0 _tArquivos Fluminenses de Medicina Veterinaria (Brazil)
_xISSN 0102-7794
_g(Jul-Dec 1986), v. 1(2) p. 45-48
_wBR8803376
909 _a202311
_bLúcia
_c55
_dLúcia Elande
942 _2AGRIS
_n0
_cANA
999 _c123292
_d123292